Contos para ler na escola (Record no. 62858)

MARC details
000 -LÍDER
campo de controle de tamanho fixo 00357 a2200157 4500
001 - NÚMERO DE CONTROLE
campo de controle 62858
020 ## - ISBN - INTERNATIONAL STANDARD BOOK NUMBER
ISBN - International Standard Book Number 9788501077660
040 ## - FONTE DA CATALOGAÇÃO
Instituição que transcreveu o registro Anchieta - Pituba
100 ## - ENTRADA PRINCIPAL--NOME PESSOAL
Nome pessoal Terezza, Cristovão
240 10 - TÍTULO UNIFORME
Título uniforme Contos para ler na escola
Idioma da obra por
245 10 - TÍTULO
Título Contos para ler na escola
300 ## - DESCRIÇÃO FÍSICA
Extensão 123
362 0# - DATAS DE PUBLICAÇÃO E/OU DESIGNAÇÃO SEQUENCIAL
Datas de publicação e/ou designação sequencial 2007
650 #4 - ASSUNTO--TERMO TÓPICO
Cabeçalho tópico ou nome geográfico Literatura juvenil
942 ## - ELEMENTOS DE ENTRADA ADICIONADOS (KOHA)
Tipo de material Koha Livros
Holdings
Situação do descarte Situação das perdas Situação física Não pode ser emprestado Biblioteca de origem Biblioteca atual Data de aquisição Total de empréstimos Número de chamada completo Código de barras Data de último acesso Data do preço efetivo Tipo de material Koha
        Colégio Anchieta - Pituba Colégio Anchieta - Pituba 21/11/2023   LJ 028.5 C763c CON 16115/PIT 21/11/2023 21/11/2023 Livros
        Colégio Anchieta - Pituba Colégio Anchieta - Pituba 21/11/2023   LJ 028.5 C763c CON 22356/PIT 21/11/2023 21/11/2023 Livros
        Colégio Anchieta - Pituba Colégio Anchieta - Pituba 21/11/2023   LJ 028.5 C763c CON 22357/PIT 21/11/2023 21/11/2023 Livros
        Colégio Anchieta - Pituba Colégio Anchieta - Pituba 21/11/2023   LJ 028.5 C763c CON 22358/PIT 21/11/2023 21/11/2023 Livros